| 000 | 01295 a2200289 4500 | ||
|---|---|---|---|
| 001 | 23980 | ||
| 005 | 20260407155526.0 | ||
| 008 | 260407a1988 arg spa d | ||
| 003 | AR-UNSa-BCEJYS | ||
| 040 |
_aAR-UNSa-BCEJYS _bspa _cAR-UNSa-BCEJYS |
||
| 080 |
_a658.15 _xAdministración financiera privada. Gestión financiera de empresas |
||
| 245 | 1 | 0 | _aFundamentos de financiación empresarial |
| 020 | _a84-7615-171-3 | ||
| 250 | _a2a. ed | ||
| 264 | 1 |
_aMadrid : _bMcGraw-Hill _c1988 |
|
| 300 |
_axxvi, 948 p. _c24 cm. |
||
| 505 | _a1. Introducción - 2. El valor - 3. Riego - 4. Problemas practicos en la elaboración de presupuestos de capital - 5. Eficiencia del mercado y decisiones de financiación - 6. Politica de dividendos y estructura de capital - 7. Valoración de los diferentes tipos de deudas - 8. Planificación financiera - 9. Decisiones finacieras a corto plazo - 10. Fusiones, financiación internacional y pensiones - 11. Conclusiones. | ||
| 041 | _aspa | ||
| 942 | _cBK | ||
| 590 | _aniveau_biblio:m niveau_hierar:0 | ||
| 100 | 1 | _aBrealey, Richard A. | |
| 700 | 1 | _aMyers, Stewart C. | |
| 700 | 1 | _aEspitia Escuder, Manuel | |
| 700 | 1 | _aAnsotegui Alcoz, Maria del Camen | |
| 700 | 1 | _aRodriguez Fernandez, Jose Miguel | |
| 700 | 1 | _aAzofra Palenzuela, Valentín | |
| 999 |
_c1150 _d1150 |
||